CAP mid-term review (Record no. 118235)

MARC details
000 -LEADER
fixed length control field 00816cam a2200253 4500
001 - CONTROL NUMBER
control field ABS68389
008 - FIXED-LENGTH DATA ELEMENTS--GENERAL INFORMATION
fixed length control field 041027n2004 000 0 eng u
035 ## - SYSTEM CONTROL NUMBER
System control number (Sirsi) u127836
100 ## - MAIN ENTRY--PERSONAL NAME
Personal name Horvath, M.
245 ## - TITLE STATEMENT
Title CAP mid-term review
260 ## - PUBLICATION, DISTRIBUTION, ETC.
Date of publication, distribution, etc. 2004
490 ## - SERIES STATEMENT
Series statement Farmland Market
Volume/sequential designation (62) Autumn 2004, 10-14(5)
520 ## - SUMMARY, ETC.
Summary, etc. Two articles looking at the CAP mid-term review. "Black holes in the mid-term review" is from a solicitor's point of view while "Mid-term review and beyond: a tax update" looks at it from an accountant's point of view.
590 ## - LOCAL NOTE (RLIN)
Local note ABS
590 ## - LOCAL NOTE (RLIN)
Local note ABS
650 ## - SUBJECT ADDED ENTRY--TOPICAL TERM
Topical term or geographic name entry element COMMON AGRICULTURAL POLICY
650 ## - SUBJECT ADDED ENTRY--TOPICAL TERM
Topical term or geographic name entry element CAP REFORM
650 ## - SUBJECT ADDED ENTRY--TOPICAL TERM
Topical term or geographic name entry element SOLICITORS
650 ## - SUBJECT ADDED ENTRY--TOPICAL TERM
Topical term or geographic name entry element ACCOUNTANTS
650 ## - SUBJECT ADDED ENTRY--TOPICAL TERM
Topical term or geographic name entry element FARMING INDUSTRY
690 ## - LOCAL SUBJECT ADDED ENTRY--TOPICAL TERM (OCLC, RLIN)
Topical term or geographic name as entry element RURAL
9 (RLIN) 6268
700 ## - ADDED ENTRY--PERSONAL NAME
Personal name Harrison, M.
942 ## - ADDED ENTRY ELEMENTS (KOHA)
Suppress in OPAC 0
Holdings
Withdrawn status Lost status Source of classification or shelving scheme Damaged status Not for loan Home library Current library Shelving location Date acquired Total Checkouts Full call number Barcode Date last seen Copy number Price effective from Koha item type
    Dewey Decimal Classification     London London Journal article 27/10/2004   ABS68389 127836-1001 06/08/2019 1 06/08/2019 Journal article